| 000 -LEADER |
| fixed length control field |
01085pab a2200145 454500 |
| 008 - FIXED-LENGTH DATA ELEMENTS--GENERAL INFORMATION |
| fixed length control field |
180718b xxu||||| |||| 00| 0 eng d |
| 100 ## - MAIN ENTRY--PERSONAL NAME |
| Personal name |
Gleeson, Gerry |
| 245 ## - TITLE STATEMENT |
| Title |
Decade for debate |
| 520 ## - SUMMARY, ETC. |
| Summary, etc. |
The article is part of the 1990 Garran Oration, presented at the national Conference of the Royal Australian Institute of Public Administration, Hobart, November 1990. The oration is dedicated to the memory of Sir Robert Garran, who was a great debater and continually advocated the need to protect the smaller colonies and participated in the drafting of the federal constitution of Australia in 1901. The author discusses the decade's significant movement to worldwide freer trade as countries move to market economies, further impact of technology on telecommunication systems, the spread of free enterprises, the rapid economic expansion of pacific Rion Countries and a new attentiveness to the environment and t |
| 650 ## - SUBJECT ADDED ENTRY--TOPICAL TERM |
| Topical term or geographic name entry element |
Public Policy |
| 650 ## - SUBJECT ADDED ENTRY--TOPICAL TERM |
| Topical term or geographic name entry element |
Garran Oration |
| 650 ## - SUBJECT ADDED ENTRY--TOPICAL TERM |
| Topical term or geographic name entry element |
Public Policy - Australia |
| 773 ## - HOST ITEM ENTRY |
| Main entry heading |
Australian Journal of Public Administration |
| 909 ## - |
| -- |
1680 |